2024-2025 NHL Hat Tricks - Statistics

General Stats
  • This quiz has been taken 146 times
    25 since last reset
  • The average score is 41 of 83
Answer Stats
Team Answer Date Goals Position % Correct
WSH Alex Ovechkin Nov 17/24 3 LW
89%
WSH Alex Ovechkin Feb 23/25 3 LW
89%
TOR Mitch Marner Dec 27/24 3 RW
89%
TBL Nikita Kucherov Oct 11/24 3 RW
89%
WPG Kyle Connor Jan 14/25 3 LW
84%
PIT Sidney Crosby Apr 5/25 3 C
84%
LAK Anze Kopitar Oct 10/24 3 C
79%
TBL Brayden Point Nov 27/24 3 C
79%
WPG Mark Scheifele Nov 19/24 3 C
79%
WPG Mark Scheifele Dec 23/24 3 C
79%
COL Mikko Rantanen Oct 9/24 3 RW
79%
COL Mikko Rantanen Nov 13/24 3 RW
79%
COL Mikko Rantanen Dec 10/24 3 RW
79%
DAL Mikko Rantanen May 3/25 3 RW
79%
DAL Mikko Rantanen May 7/25 3 RW
79%
BUF Tage Thompson Jan 28/25 3 C
79%
BUF Tage Thompson Apr 6/25 3 C
79%
TOR William Nylander Feb 4/25 3 RW
79%
DAL Jason Robertson Feb 23/25 3 LW
74%
DAL Jason Robertson Mar 26/25 3 LW
74%
NJD Nico Hischier Nov 25/24 3 C
74%
NJD Nico Hischier Mar 29/25 3 C
74%
FLA Sam Reinhart June 17/25 4 C
74%
NYR Artemi Panarin Oct 18/24 3 LW
68%
TOR John Tavares Oct 28/24 3 C
68%
TOR John Tavares Dec 15/24 3 C
68%
STL Jordan Kyrou Mar 15/25 3 C
68%
TBL Brandon Hagel Oct 22/24 3 LW
63%
BOS David Pastrnak Feb 1/25 3 RW
63%
BOS David Pastrnak Apr 5/25 3 RW
63%
VGK Jack Eichel Mar 25/25 3 C
63%
NJD Jesper Bratt Nov 14/24 3 LW
58%
WPG Nikolaj Ehlers Nov 1/24 3 LW
58%
MTL Patrik Laine Dec 17/24 3 RW
58%
EDM Ryan Nugent-Hopkins Mar 22/25 3 C
58%
NSH Steven Stamkos Mar 8/25 3 C
58%
COL Artturi Lehkonen Dec 27/24 3 LW
53%
TBL Jake Guentzel Dec 12/24 3 C
53%
TBL Jake Guentzel Mar 6/25 3 C
53%
SJS Macklin Celebrini Apr 9/25 3 C
53%
TOR Matthew Knies Jan 4/25 3 LW
53%
TOR Matthew Knies Apr 9/25 3 LW
53%
PHI Sean Couturier Oct 26/24 3 C
53%
BUF Alex Tuch Dec 27/24 3 RW
47%
CAR Andrei Svechnikov Apr 27/25 3 RW
47%
PIT Bryan Rust Dec 12/24 3 RW
47%
WSH Dylan Strome Apr 15/25 3 C
47%
DAL Wyatt Johnston Jan 28/25 3 C
47%
DAL Wyatt Johnston Mar 2/25 3 C
47%
CBJ Kirill Marchenko Apr 1/25 3 RW
42%
CBJ Adam Fantilli Jan 22/25 3 C
37%
CBJ Adam Fantilli Mar 9/25 3 C
37%
SEA Brandon Montour Oct 29/24 3 D
37%
OTT Drake Batherson Dec 11/24 3 RW
37%
MIN Joel Eriksson Ek Apr 9/25 4 C
37%
STL Pavel Buchnevich Apr 24/25 3 LW
32%
VGK Pavel Dorofeyev Jan 14/25 3 LW
32%
VGK Pavel Dorofeyev Mar 20/25 3 LW
32%
CHI Ryan Donato Mar 28/25 3 C
32%
WPG Cole Perfetti Jan 24/25 3 C
26%
BUF JJ Peterka Jan 28/25 3 RW
26%
VAN Kiefer Sherwood Dec 16/24 3 LW
26%
DAL Mikael Granlund May 13/25 3 C
26%
NSH Ryan O'Reilly Jan 4/25 3 C
26%
CHI Taylor Hall Nov 27/24 3 LW
26%
CAR Taylor Hall Mar 23/25 3 LW
26%
FLA Carter Verhaeghe Feb 2/25 3 C
21%
CAR Jordan Staal Jan 9/25 3 C
21%
PHI Scott Laughton Dec 12/24 4 C
21%
VGK Tomas Hertl Mar 9/25 3 C
21%
VGK Tomas Hertl Mar 22/25 3 C
21%
PHI Tyson Foerster Apr 9/25 3 RW
21%
COL Valeri Nichushkin Mar 8/25 3 RW
21%
WSH Aliaksei Protas Mar 11/25 3 C
16%
STL Dylan Holloway Dec 23/24 3 LW
16%
SEA Jaden Schwartz Jan 18/25 3 C
16%
VAN Jake DeBrusk Dec 1/24 3 LW
16%
BUF Jason Zucker Jan 2/25 3 LW
16%
UTA Barrett Hayton Feb 22/25 3 C
11%
STL Brandon Saad Jan 3/25 3 LW
5%
DAL Evgenii Dadonov Apr 5/25 3 RW
5%
COL Joel Kiviranta Dec 22/24 3 LW
5%
BUF Ryan McLeod Jan 15/25 3 C
0%
No matching quizzes found
Score Distribution
Percent of People with Each Score
Percentile by Number Answered
Your Score History
You have not taken this quiz since the last reset